IFM Opac

Mastering Words Skills:Dictionary,Thesaurus,Vocabulary (Record no. 20171)

MARC details
000 -LEADER
fixed length control field 00365nam a22001337a 4500
020 ## - INTERNATIONAL STANDARD BOOK NUMBER
International Standard Book Number 0675201470
082 ## - DEWEY DECIMAL CLASSIFICATION NUMBER
Classification number 025.490003MAS
100 ## - MAIN ENTRY--PERSONAL NAME
Personal name Howard H. Kingsley
245 ## - TITLE STATEMENT
Title Mastering Words Skills:Dictionary,Thesaurus,Vocabulary
260 ## - PUBLICATION, DISTRIBUTION, ETC.
Place of publication, distribution, etc. London
Name of publisher, distributor, etc. Charles E. Merill Publishing Company
Date of publication, distribution, etc. 1974
300 ## - PHYSICAL DESCRIPTION
Extent 360p,
700 ## - ADDED ENTRY--PERSONAL NAME
Personal name Eleanor denike Heffner
942 ## - ADDED ENTRY ELEMENTS (KOHA)
Koha item type Books
Holdings
Withdrawn status Lost status Damaged status Not for loan Home library Current library Shelving location Date acquired Total Checkouts Full call number Barcode Date last seen Price effective from Koha item type
        IFM Main Campus Library IFM Main Campus Library Archival Collection 08/30/2018   025.490003MAS 0000012599 08/30/2018 02/19/2022 Books